Parole italiane che derivano dall'arabo - Statistics

Statistiche generali
  • Questo quiz è stato fatto 53 volte
  • Il punteggio medio è 8 su 10
Statistiche sulle risposte
Indizio Parola % Corretto
Agrume dal colore giallo e dal profumo intenso, dal sapore acido, molto usato in cucina ma anche in cosmetica, profumeria e in altri campi. Limone
95%
Il numero che indica il vuoto, precede tutti i numeri positivi e viene dopo quelli negativi. Zero
95%
Spezia dal colore rosso, molto costosa, che si ottiene dagli stami del fiore crocus sativus. In Italia è famoso soprattutto per la preparazione del risotto alla milanese. Zafferano
92%
Composto dolcificante, dal colore bruno o bianco, che si può estratte dalla canna o da un tipo di barbabietola. Zucchero
92%
Mobile imbottito e dotato di schienale e braccioli in grado di accogliere più persone contemporaneamente; generalmente è posto nei salotti o nelle sale d'aspetto. Divano
90%
Branca della matematica che tratta lo studio di relazioni e quantità: comprende equazioni, disequazioni, operazioni, polinomi, analisi e diversi altri concetti. Algebra
85%
Scienza naturale che studia la composizione, la struttura e le proprietà della materia. Suoi termini tipici sono ad esempio: molecola, atomo, reazione. Chimica
85%
Sinonimo di "omicida", "killer". Pare che il termine derivi dal nome con cui si identificava la setta persiana dei Nizariti. Assassino
79%
Liquido incolore che viene utilizzato per la preparazione di diverse bevande, tra cui vino, birra e liquori. Alcol
74%
Il punto in cui il sole si trova esattamente perpendicolare rispetto al piano dell'osservatore; più volgarmente, il punto più alto raggiunto dal sole durante la sua traiettoria nel corso della giornata. Zenit
62%
Nessun quiz corrispondente trovato
Distribuzione punteggi
Percentuale di utenti per punteggio
Percentile per numero di risposta
I tuoi punteggi nel tempo
Non hai fatto questo quiz